[Event "Vesterhavsturneringen GM 1982"]
[Site "Esbjerg"]
[Date "1982.??.??"]
[Round "1"]
[White "Ftacnik, Lubomir"]
[Black "Fries Nielsen, Jens Ove"]
[Result "1-0"]
[WhiteElo "2535"]
[BlackElo "2390"]
[PlyCount "79"]
[EventDate "1982.??.??"]

1. d4 Nf6 2. Nf3 e6 3. c4 d5 4. Nc3 Be7 5. Bg5 h6 6. Bh4 O-O 7. Rc1 b6 8. cxd5
exd5 9. e3 Be6 10. Bd3 c5 11. O-O Nbd7 12. Bb1 Rc8 13. Re1 Ne4 14. Bxe7 Qxe7
15. Nxe4 dxe4 16. Bxe4 Bxa2 17. Bb7 Rc7 18. Ba6 Nb8 19. Bd3 Be6 20. Bb1 Rd8 21.
Rc3 g6 22. Qc1 Na6 23. d5 Rxd5 24. e4 Rh5 25. Qf4 Nb4 26. h3 Rc8 27. Rd1 Qc7
28. Qf6 Nc6 29. Rcd3 Qe7 30. Qf4 Kg7 31. Rd6 Qf6 32. Qg3 c4 33. e5 Nxe5 34. Nd4
Rg5 35. Qe3 Rh5 36. f4 Nd3 37. Bxd3 cxd3 38. Nxe6+ fxe6 39. Rxe6 Qxb2 40. Qe4
1-0

[Event "Vesterhavsturneringen GM 1982"]
[Site "Esbjerg"]
[Date "1982.??.??"]
[Round "1"]
[White "Helmers, Knut"]
[Black "Mortensen, Erling"]
[Result "1/2-1/2"]
[WhiteElo "2425"]
[BlackElo "2440"]
[PlyCount "50"]
[EventDate "1982.??.??"]

1. Nf3 Nf6 2. c4 g6 3. g3 Bg7 4. Bg2 O-O 5. O-O d6 6. d4 Nc6 7. Nc3 a6 8. d5
Na5 9. Nd2 c5 10. Rb1 e6 11. b3 exd5 12. cxd5 b5 13. Bb2 Re8 14. Qc2 Bd7 15. e4
Qc8 16. Nd1 Bh3 17. Ne3 Ra7 18. Bc3 Bxg2 19. Kxg2 b4 20. Ba1 Ng4 21. Nxg4 Qxg4
22. Bxg7 Kxg7 23. Rfe1 Rae7 24. Re3 Qd7 25. Rbe1 f6 1/2-1/2

[Event "Vesterhavsturneringen GM 1982"]
[Site "Esbjerg"]
[Date "1982.??.??"]
[Round "1"]
[White "Hoi, Carsten"]
[Black "Sahl, Bjarke"]
[Result "0-1"]
[WhiteElo "2390"]
[BlackElo "2355"]
[PlyCount "88"]
[EventDate "1982.??.??"]

1. d4 Nf6 2. c4 e6 3. Nc3 Bb4 4. e3 O-O 5. Bd3 Bxc3+ 6. bxc3 d6 7. Ne2 Re8 8.
O-O c5 9. f3 Nc6 10. e4 h6 11. Qe1 e5 12. Qf2 b6 13. d5 Ne7 14. f4 exf4 15.
Bxf4 Ng6 16. h3 Nxf4 17. Qxf4 Qe7 18. Ng3 Qe5 19. Qxe5 Rxe5 20. Rf3 Nh7 21.
Raf1 f6 22. Rf4 Kf7 23. Be2 g6 24. h4 h5 25. Nh1 Ba6 26. Nf2 Rae8 27. a4 Bc8
28. a5 bxa5 29. Ra1 a6 30. Rxa5 Kg7 31. Bd3 g5 32. Rf3 g4 33. Rf4 Nf8 34. g3
Ng6 35. Kg2 Nxf4+ 36. gxf4 R5e7 37. Kg3 f5 38. e5 dxe5 39. Rxc5 exf4+ 40. Kxf4
Re3 41. Rc7+ Kf8 42. c5 g3 43. Nh3 g2 44. Ng5 R3e7 0-1

[Event "Vesterhavsturneringen GM 1982"]
[Site "Esbjerg"]
[Date "1982.??.??"]
[Round "1"]
[White "Shamkovich, Leonid"]
[Black "Hansen, Curt"]
[Result "0-1"]
[WhiteElo "2490"]
[BlackElo "2380"]
[PlyCount "145"]
[EventDate "1982.??.??"]

1. e4 Nf6 2. e5 Nd5 3. d4 d6 4. Nf3 Nc6 5. c4 Nb6 6. e6 fxe6 7. Nc3 Nd7 8. Bd3
Nf6 9. O-O g6 10. d5 Ne5 11. Nxe5 dxe5 12. Qe2 exd5 13. Qxe5 Bg7 14. Nb5 Nh5
15. Qxc7 a6 16. Qxd8+ Kxd8 17. Nc3 d4 18. Nd5 Be6 19. Nb6 Rb8 20. Re1 Bf5 21.
Be2 Nf6 22. Bf4 Nd7 23. Nxd7 Kxd7 24. Bxb8 Rxb8 25. Rad1 e5 26. Bd3 Rc8 27. b3
Kd6 28. f4 Bg4 29. fxe5+ Bxe5 30. Be2 Bf5 31. Rd2 Re8 32. Rf1 Re7 33. Bd3 Be6
34. Re2 b6 35. b4 Bg4 36. Ree1 Rc7 37. Rf8 Re7 38. g3 Kc6 39. Kg2 Bd7 40. Ref1
Bd6 41. a3 Bf5 42. Bxf5 Re2+ 43. Kh3 Bxf8 44. Bg4 Re8 45. Rf7 Be7 46. Rxh7 a5
47. Bd1 Kd6 48. c5+ bxc5 49. bxc5+ Ke6 50. Bb3+ Kf6 51. c6 Bxa3 52. Rd7 Rc8 53.
Ba4 Ke5 54. Kg2 Bd6 55. Ra7 Bc7 56. Bb5 Kd6 57. Bd3 g5 58. Be4 Rb8 59. Rb7 Ra8
60. Rb5 a4 61. Rd5+ Ke6 62. Rd7 a3 63. Bd5+ Ke5 64. Kf3 Bd6 65. Ba2 Rf8+ 66.
Rf7 g4+ 67. Ke2 Rb8 68. Kd3 Rb2 69. c7 Bxc7 70. Rxc7 Rxa2 71. Rc5+ Kd6 72. Ra5
Ra1 73. Kc4 0-1

[Event "Vesterhavsturneringen GM 1982"]
[Site "Esbjerg"]
[Date "1982.??.??"]
[Round "1"]
[White "Westerinen, Heikki"]
[Black "Jansa, Vlastimil"]
[Result "1/2-1/2"]
[WhiteElo "2410"]
[BlackElo "2455"]
[PlyCount "117"]
[EventDate "1982.??.??"]

1. e4 c5 2. Nf3 d6 3. d4 cxd4 4. Nxd4 Nf6 5. Nc3 e6 6. Bd3 Be7 7. O-O Nc6 8.
Nb3 a6 9. f4 O-O 10. Qe2 Nb4 11. Be3 Nxd3 12. cxd3 b5 13. Nd4 Bb7 14. b4 Rc8
15. Rac1 Re8 16. a3 Nd7 17. Rc2 Bf6 18. Rfc1 Bxd4 19. Bxd4 e5 20. fxe5 dxe5 21.
Be3 Nf8 22. a4 bxa4 23. Nxa4 Rxc2 24. Qxc2 Ne6 25. Nc5 Nxc5 26. bxc5 Bc6 27.
Qc4 a5 28. Rb1 Qd7 29. Rb6 h5 30. h3 a4 31. Kh2 Kh7 32. Qc3 f6 33. Qc2 Ra8 34.
Qe2 a3 35. Rb1 h4 36. Ra1 a2 37. Bf2 Kg6 38. Qf3 Ra3 39. Bxh4 Qd4 40. Qf5+ Kf7
41. Qh5+ Kg8 42. Bxf6 Qxa1 43. Qg4 Ra7 44. Bxg7 Rxg7 45. Qe6+ Rf7 46. Qg6+ Rg7
47. Qe6+ Kf8 48. Qf6+ Rf7 49. Qh6+ Ke8 50. Qxc6+ Kd8 51. Qd6+ Rd7 52. Qf6+ Kc7
53. Qb6+ Kc8 54. Qa6+ Kd8 55. Qf6+ Re7 56. Qd6+ Ke8 57. Qg6+ Kd8 58. Qd6+ Rd7
59. Qf6+ 1/2-1/2

[Event "Vesterhavsturneringen GM 1982"]
[Site "Esbjerg"]
[Date "1982.??.??"]
[Round "2"]
[White "Hansen, Curt"]
[Black "Mortensen, Erling"]
[Result "0-1"]
[WhiteElo "2380"]
[BlackElo "2440"]
[PlyCount "81"]
[EventDate "1982.??.??"]

1. d4 Nf6 2. Nf3 g6 3. Bf4 Bg7 4. e3 d6 5. h3 O-O 6. Be2 c5 7. c3 Nc6 8. O-O
Bf5 9. Nbd2 cxd4 10. exd4 Rb8 11. a4 a6 12. Re1 b5 13. Nf1 Nd5 14. Bg5 h6 15.
Ne3 Be6 16. Nxd5 Bxd5 17. Be3 Na5 18. Nd2 Nc4 19. Nxc4 bxc4 20. a5 Qc7 21. Qc1
Kh7 22. Bf1 Rb3 23. Bf4 Rfb8 24. Ra2 R8b5 25. h4 e6 26. Re2 Bf8 27. Qa1 Qd8 28.
h5 g5 29. Be3 g4 30. Qb1+ Kg8 31. Qc1 Qh4 32. Bf4 Qxh5 33. Rc2 Qg6 34. Qd2 h5
35. Ra4 Qe4 36. Be3 h4 37. Rxc4 h3 38. Rc8 Bb7 39. Rxf8+ Kxf8 40. Qe2 Qh7 41.
gxh3 0-1

[Event "Vesterhavsturneringen GM 1982"]
[Site "Esbjerg"]
[Date "1982.??.??"]
[Round "2"]
[White "Jansa, Vlastimil"]
[Black "Helmers, Knut"]
[Result "1-0"]
[WhiteElo "2455"]
[BlackElo "2425"]
[PlyCount "113"]
[EventDate "1982.??.??"]

1. e4 c5 2. Nf3 d6 3. d4 cxd4 4. Nxd4 Nf6 5. Nc3 a6 6. Be2 e5 7. Nb3 Be7 8. O-O
O-O 9. Be3 Be6 10. Qd2 b5 11. a4 b4 12. Nd5 Nbd7 13. Nxe7+ Qxe7 14. Rfd1 d5 15.
exd5 Nxd5 16. Bf3 Nxe3 17. Qxe3 Rac8 18. Rd2 Rc7 19. Be2 Bxb3 20. cxb3 Nb8 21.
Rad1 Rfc8 22. Rd5 Rc5 23. Bc4 g6 24. h3 a5 25. f4 Rxd5 26. Rxd5 Nc6 27. fxe5
Rd8 28. Rxd8+ Nxd8 29. Qb6 Kg7 30. Qxa5 Nc6 31. Qd5 Nxe5 32. a5 Qa7+ 33. Kh2
Qe3 34. a6 Qf4+ 35. Kg1 Qe3+ 36. Kh1 Qc1+ 37. Kh2 Qf4+ 38. Kg1 Qe3+ 39. Kf1
Qc1+ 40. Ke2 Qxb2+ 41. Qd2 Qa1 42. Qxb4 Qd4 43. Qd2 Qe4+ 44. Kf2 Nxc4 45. bxc4
Qxc4 46. a7 Qc5+ 47. Qe3 Qd5 48. Qc3+ Kh6 49. Qc7 f5 50. Kg1 Qe4 51. Qc1+ f4
52. Qa1 Qa8 53. Kh2 g5 54. Qf6+ Kh5 55. Qf7+ Kh6 56. Qe7 Qc8 57. Qd6+ 1-0

[Event "Vesterhavsturneringen GM 1982"]
[Site "Esbjerg"]
[Date "1982.??.??"]
[Round "2"]
[White "Sahl, Bjarke"]
[Black "Ftacnik, Lubomir"]
[Result "1/2-1/2"]
[WhiteElo "2355"]
[BlackElo "2535"]
[PlyCount "80"]
[EventDate "1982.??.??"]

1. c4 Nf6 2. g3 c5 3. Bg2 e6 4. Nf3 a6 5. O-O b5 6. b3 Bb7 7. Bb2 Be7 8. Nc3
bxc4 9. bxc4 Nc6 10. e3 Qc7 11. d4 Na5 12. Rc1 Nxc4 13. Ba1 d5 14. Na4 O-O 15.
Nxc5 Bxc5 16. dxc5 Ne4 17. c6 Bxc6 18. Nd4 Bd7 19. Ne2 Rac8 20. Nf4 Qd6 21. Nh5
f6 22. Qg4 Qe7 23. Bxe4 dxe4 24. Bxf6 Rxf6 25. Nxf6+ Qxf6 26. Qxe4 Nd2 27.
Rxc8+ Bxc8 28. Qc6 Nxf1 29. Qxc8+ Kf7 30. Qd7+ Kf8 31. Qd6+ Kf7 32. Qc7+ Kf8
33. Qb8+ Kf7 34. Qb7+ Kg8 35. Qa8+ Kf7 36. Qa7+ Kg8 37. Qb8+ Kf7 38. Qc7+ Kg8
39. Qc8+ Kf7 40. Qd7+ Kf8 1/2-1/2

[Event "Vesterhavsturneringen GM 1982"]
[Site "Esbjerg"]
[Date "1982.??.??"]
[Round "2"]
[White "Fries Nielsen, Jens Ove"]
[Black "Westerinen, Heikki"]
[Result "1/2-1/2"]
[WhiteElo "2390"]
[BlackElo "2410"]
[PlyCount "43"]
[EventDate "1982.??.??"]

1. g3 e5 2. Bg2 d5 3. d3 c6 4. Nf3 Qc7 5. O-O Nf6 6. Nc3 Be7 7. e4 dxe4 8. Nxe4
Nxe4 9. dxe4 Bg4 10. Qe2 Nd7 11. a4 a5 12. h3 Bh5 13. Qc4 Qb6 14. Be3 Qa6 15.
Qa2 f6 16. Rfd1 Bf7 17. Bf1 Qxf1+ 18. Kxf1 Bxa2 19. Rxa2 Nc5 20. Bxc5 Bxc5 21.
Ke2 Ke7 22. Ne1 1/2-1/2

[Event "Vesterhavsturneringen GM 1982"]
[Site "Esbjerg"]
[Date "1982.??.??"]
[Round "2"]
[White "Shamkovich, Leonid"]
[Black "Ost Hansen, Jacob"]
[Result "0-1"]
[WhiteElo "2490"]
[BlackElo "2410"]
[PlyCount "90"]
[EventDate "1982.??.??"]

1. e4 c5 2. Nf3 e6 3. Nc3 a6 4. g3 Nc6 5. Bg2 Nge7 6. O-O d6 7. h3 Bd7 8. a3
Qc7 9. Rb1 Nd4 10. b4 Nec6 11. bxc5 dxc5 12. d3 Bd6 13. Nxd4 cxd4 14. Ne2 O-O
15. f4 f6 16. Kh2 Rad8 17. Bb2 Bc5 18. Qc1 Qd6 19. c3 dxc3 20. Qxc3 e5 21. f5
Be8 22. Rf3 Bf7 23. Rc1 Bb6 24. a4 Ba5 25. Ba3 Bxc3 26. Bxd6 Rxd6 27. Rxc3 Rfd8
28. Nc1 Rd4 29. Nb3 Rb4 30. Nc5 Nd4 31. Rf2 a5 32. Rf1 Kf8 33. Ra1 Ke7 34. g4
Rc8 35. Rcc1 Rc6 36. h4 Kd6 37. Ne6 Bxe6 38. fxe6 Nxe6 39. Bf3 Nc5 40. Rc4 Nb3
41. Rxb4 axb4 42. Rb1 Nd2 43. Rxb4 Nxf3+ 44. Kg3 Nd4 45. Rxb7 Rc7 0-1

[Event "Vesterhavsturneringen GM 1982"]
[Site "Esbjerg"]
[Date "1982.??.??"]
[Round "3"]
[White "Ftacnik, Lubomir"]
[Black "Nikolic, Predrag"]
[Result "1-0"]
[WhiteElo "2535"]
[BlackElo "2530"]
[PlyCount "81"]
[EventDate "1982.??.??"]

1. c4 e5 2. Nc3 Nc6 3. g3 g6 4. Bg2 Bg7 5. e3 d6 6. Nge2 Nge7 7. O-O h5 8. d4
exd4 9. exd4 Nf5 10. d5 Ne5 11. h3 a6 12. b3 b5 13. cxb5 axb5 14. Nxb5 Ba6 15.
Nec3 Qb8 16. a4 Bxb5 17. Nxb5 Nf3+ 18. Bxf3 Bxa1 19. Be4 Be5 20. Bxf5 gxf5 21.
Qc2 Kf8 22. Ba3 Kg7 23. Qxf5 Rh6 24. Rc1 Qb6 25. Bc5 Qb7 26. Be3 Rg6 27. Rc6
Rd8 28. Kg2 Qa8 29. Bd2 h4 30. g4 Rf6 31. Qe4 Rg6 32. f4 Bf6 33. Kf3 Kg8 34.
Qf5 Bg7 35. g5 Rc8 36. Kg4 Rf8 37. Kf3 Bb2 38. Rxc7 Be5 39. Rc6 Bg7 40. Qd7 f5
41. Bb4 1-0

[Event "Vesterhavsturneringen GM 1982"]
[Site "Esbjerg"]
[Date "1982.??.??"]
[Round "3"]
[White "Ost Hansen, Jacob"]
[Black "Hansen, Curt"]
[Result "1/2-1/2"]
[WhiteElo "2410"]
[BlackElo "2380"]
[PlyCount "179"]
[EventDate "1982.??.??"]

1. g3 Nf6 2. Bg2 g6 3. e4 d6 4. Nc3 Bg7 5. d3 O-O 6. f4 e5 7. Nf3 Nc6 8. O-O
Bg4 9. h3 Bxf3 10. Bxf3 exf4 11. Bxf4 Nd4 12. Be3 Nxf3+ 13. Qxf3 Nd7 14. Rf2 c6
15. g4 Qe7 16. Re1 Nb6 17. Rfe2 Rad8 18. Bf2 Qd7 19. Bh4 f6 20. Qg2 Rde8 21.
Kh1 Rf7 22. Rf1 Ref8 23. Ref2 d5 24. Rf3 h6 25. Qf2 dxe4 26. dxe4 Qe6 27. b3
Nd7 28. Bg3 b6 29. Kg2 Ne5 30. Bxe5 Qxe5 31. Qg3 Re7 32. Rd1 b5 33. Qxe5 Rxe5
34. b4 a5 35. a3 axb4 36. axb4 Rfe8 37. Rd7 R5e6 38. Rfd3 Bf8 39. R3d4 R8e7 40.
Rd8 Kf7 41. R8d7 Rxd7 42. Rxd7+ Ke8 43. Rd4 Bd6 44. Kf3 Be5 45. Rd3 Re7 46. Ne2
Ra7 47. Ke3 Ra1 48. Nd4 Re1+ 49. Ne2 Ke7 50. Kd2 Rh1 51. Rf3 Ke6 52. c3 Ra1 53.
Kd3 Kd6 54. Kc2 Ra2+ 55. Kd3 c5 56. bxc5+ Kxc5 57. Nf4 Bxc3 58. Nxg6 Ra3 59.
Rf5+ Kb6 60. Kc2 Bd4 61. Rd5 Rc3+ 62. Kd2 Rc4 63. e5 fxe5 64. Nxe5 Ra4 65. Nd3
Ra2+ 66. Kc1 Be3+ 67. Kb1 Rh2 68. Rh5 Ka5 69. h4 Ka4 70. Nb2+ Kb4 71. Nd1 Bd2
72. Kc2 Bg5+ 73. Kd3 Bc1 74. Nc3 Rh3+ 75. Kd4 Be3+ 76. Ke4 Kxc3 77. Rxb5 Bd2
78. Rc5+ Kb4 79. Rh5 Kc4 80. Kf5 Kd5 81. g5 hxg5 82. Kg4 Rd3 83. hxg5 Ke5 84.
g6+ Kf6 85. Rc5 Kxg6 86. Rc6+ Kf7 87. Kf5 Bb4 88. Rf6+ Ke7 89. Rb6 Bc5 90. Rh6
1/2-1/2

[Event "Vesterhavsturneringen GM 1982"]
[Site "Esbjerg"]
[Date "1982.??.??"]
[Round "3"]
[White "Helmers, Knut"]
[Black "Fries Nielsen, Jens Ove"]
[Result "1/2-1/2"]
[WhiteElo "2425"]
[BlackElo "2390"]
[PlyCount "44"]
[EventDate "1982.??.??"]

1. Nf3 d6 2. g3 e5 3. Bg2 Nf6 4. c4 Nbd7 5. Nc3 Be7 6. O-O O-O 7. d4 c6 8. Qc2
Qc7 9. Rd1 Re8 10. b3 a6 11. h3 Bf8 12. e4 b5 13. c5 dxc5 14. dxe5 Nxe5 15.
Nxe5 Qxe5 16. Bf4 Qh5 17. e5 Nd5 18. g4 Qh4 19. Bg3 Qh6 20. Nxd5 cxd5 21. Bxd5
Ra7 22. Bg2 Bb7 1/2-1/2

[Event "Vesterhavsturneringen GM 1982"]
[Site "Esbjerg"]
[Date "1982.??.??"]
[Round "3"]
[White "Mortensen, Erling"]
[Black "Jansa, Vlastimil"]
[Result "1/2-1/2"]
[WhiteElo "2440"]
[BlackElo "2455"]
[PlyCount "83"]
[EventDate "1982.??.??"]

1. e4 c5 2. Nf3 d6 3. Nc3 e6 4. d4 cxd4 5. Nxd4 Nf6 6. Be2 a6 7. O-O Be7 8. f4
O-O 9. Kh1 Qc7 10. a4 Nc6 11. Be3 Re8 12. Bd3 Bd7 13. Qf3 Nb4 14. Qh3 Nxd3 15.
cxd3 b5 16. axb5 axb5 17. Rac1 Qb8 18. g4 b4 19. Nd1 Rc8 20. g5 Ne8 21. f5 e5
22. Nf3 Rxc1 23. Bxc1 Ra1 24. Ne3 Qc8 25. Bd2 Ra2 26. Nd5 Bd8 27. Qh5 g6 28.
Qh6 Rxb2 29. Nh4 Ng7 30. Nxg6 hxg6 31. fxg6 fxg6 32. Nf6+ Bxf6 33. gxf6 Qf8 34.
Qxg6 Qf7 35. Qh6 Rxd2 36. Qxd2 Bh3 37. Rf3 Bg4 38. Rf2 Ne6 39. Rg2 Qg6 40. Rg3
Nf4 41. Qxb4 Ne2 42. Qb8+ 1/2-1/2

[Event "Vesterhavsturneringen GM 1982"]
[Site "Esbjerg"]
[Date "1982.??.??"]
[Round "3"]
[White "Westerinen, Heikki"]
[Black "Sahl, Bjarke"]
[Result "1-0"]
[WhiteElo "2410"]
[BlackElo "2355"]
[PlyCount "103"]
[EventDate "1982.??.??"]

1. e4 c5 2. f4 g6 3. d4 cxd4 4. Qxd4 Nf6 5. e5 Nc6 6. Qd3 Ng4 7. h3 Nh6 8. g4
Bg7 9. Nf3 O-O 10. Bg2 Qb6 11. Nc3 d6 12. Nd5 Qd8 13. O-O Be6 14. c4 Rc8 15.
Be3 dxe5 16. fxe5 f6 17. exf6 exf6 18. Nd4 Bd7 19. Nxc6 Bxc6 20. Bxa7 Nf7 21.
Bd4 Ne5 22. Bxe5 fxe5 23. Rxf8+ Bxf8 24. Rf1 Bc5+ 25. Kh1 Kg7 26. b3 b6 27. Qe2
Bd4 28. Nf6 Bxg2+ 29. Qxg2 Rc7 30. a4 Rf7 31. Ne4 Rxf1+ 32. Qxf1 Qh4 33. Kg2 h5
34. Qe2 hxg4 35. hxg4 Kf8 36. Qf3+ Ke7 37. Qg3 Qh6 38. g5 Qh5 39. Qf3 Qxf3+ 40.
Kxf3 Ke6 41. Kg4 Be3 42. b4 Bc1 43. b5 Ba3 44. Kf3 Be7 45. Ke3 Kd7 46. Kd3 Kc7
47. c5 Bxc5 48. a5 Be7 49. a6 Bd8 50. Kc4 Kb8 51. Kd5 Bc7 52. Ke6 1-0

[Event "Vesterhavsturneringen GM 1982"]
[Site "Esbjerg"]
[Date "1982.??.??"]
[Round "4"]
[White "Hansen, Curt"]
[Black "Jansa, Vlastimil"]
[Result "1/2-1/2"]
[WhiteElo "2380"]
[BlackElo "2455"]
[PlyCount "83"]
[EventDate "1982.??.??"]

1. Nf3 Nf6 2. d4 g6 3. Bf4 d6 4. h3 Bg7 5. e3 O-O 6. Be2 Nbd7 7. c4 Ne4 8. Nbd2
Nxd2 9. Qxd2 e5 10. Bh2 e4 11. Ng1 Re8 12. Bd1 b5 13. cxb5 Qg5 14. Bg3 Qxb5 15.
Ne2 Rb8 16. Rb1 Ba6 17. Nc3 Qb7 18. Be2 c5 19. O-O cxd4 20. exd4 Bxe2 21. Nxe2
Nf6 22. Nc3 Qa6 23. Rfe1 h6 24. a3 Rbd8 25. d5 Qc4 26. Rbc1 Qa6 27. Re2 Nh5 28.
Nxe4 Nxg3 29. Nxg3 Rxe2 30. Nxe2 Re8 31. Nc3 Qc4 32. Qd1 h5 33. Qa4 Qxa4 34.
Nxa4 Re2 35. Rc8+ Kh7 36. Rc7 Re1+ 37. Kh2 Be5+ 38. g3 Kg7 39. Kg2 Rd1 40. Nc3
Rd2 41. b4 Bxc3 42. Rxc3 1/2-1/2

[Event "Vesterhavsturneringen GM 1982"]
[Site "Esbjerg"]
[Date "1982.??.??"]
[Round "4"]
[White "Ost Hansen, Jacob"]
[Black "Hoi, Carsten"]
[Result "1/2-1/2"]
[WhiteElo "2410"]
[BlackElo "2390"]
[PlyCount "31"]
[EventDate "1982.??.??"]

1. g3 Nf6 2. Bg2 d5 3. Nf3 g6 4. O-O Bg7 5. d3 O-O 6. Nbd2 c6 7. e4 Bg4 8. Qe2
Nbd7 9. h3 Bxf3 10. Nxf3 Nc5 11. Nd2 e5 12. b3 Re8 13. Bb2 Qc7 14. Rfe1 dxe4
15. dxe4 Rad8 16. a4 1/2-1/2

[Event "Vesterhavsturneringen GM 1982"]
[Site "Esbjerg"]
[Date "1982.??.??"]
[Round "4"]
[White "Sahl, Bjarke"]
[Black "Helmers, Knut"]
[Result "0-1"]
[WhiteElo "2355"]
[BlackElo "2425"]
[PlyCount "67"]
[EventDate "1982.??.??"]

1. c4 Nf6 2. g3 e6 3. Nf3 b6 4. Bg2 Bb7 5. O-O Be7 6. b3 O-O 7. Bb2 c5 8. d4
cxd4 9. Qxd4 d6 10. Nc3 a6 11. Rfd1 Nbd7 12. e4 Qc7 13. Rac1 Rfe8 14. h3 Bf8
15. Qe3 Rad8 16. Kh2 Qb8 17. Rd4 Nc5 18. Ne1 Qa8 19. f3 Qb8 20. Rd2 Ba8 21. Bf1
Ncd7 22. Qf2 h5 23. Kh1 d5 24. cxd5 Bc5 25. Qg2 exd5 26. Nxd5 Bxd5 27. exd5 Be3
28. Nc2 Bxd2 29. Qxd2 Qxg3 30. Nd4 Ne5 31. Bg2 Nxd5 32. Nf5 Qf4 33. Qxf4 Nxf4
34. Bf1 0-1

[Event "Vesterhavsturneringen GM 1982"]
[Site "Esbjerg"]
[Date "1982.??.??"]
[Round "4"]
[White "Fries Nielsen, Jens Ove"]
[Black "Mortensen, Erling"]
[Result "1/2-1/2"]
[WhiteElo "2390"]
[BlackElo "2440"]
[PlyCount "82"]
[EventDate "1982.??.??"]

1. Nf3 Nf6 2. b3 g6 3. Bb2 Bg7 4. c4 O-O 5. e3 d6 6. Be2 e5 7. d3 Re8 8. O-O
Nbd7 9. Nc3 c6 10. Rc1 a6 11. b4 d5 12. cxd5 cxd5 13. Qb3 Nb6 14. d4 e4 15. Ne5
Be6 16. b5 a5 17. Na4 Bf8 18. Nc5 Bc8 19. a4 Re7 20. f3 exf3 21. Bxf3 Bh6 22.
Rce1 Bf5 23. Kh1 Rc8 24. g4 Be6 25. Bg2 Bg7 26. Qd1 Ne8 27. Nxe6 fxe6 28. Ba3
Nd6 29. Nd3 Nbc4 30. Bc1 Ne4 31. Nf2 Nxf2+ 32. Rxf2 Rd7 33. Qe2 Kh8 34. Rff1
Nd6 35. Ba3 Nc4 36. Bc1 b6 37. e4 Bxd4 38. exd5 exd5 39. Qe6 Rd6 40. Qf7 Rd7
41. Qe6 Rd6 1/2-1/2

[Event "Vesterhavsturneringen GM 1982"]
[Site "Esbjerg"]
[Date "1982.??.??"]
[Round "4"]
[White "Nikolic, Predrag"]
[Black "Westerinen, Heikki"]
[Result "1-0"]
[WhiteElo "2530"]
[BlackElo "2410"]
[PlyCount "59"]
[EventDate "1982.??.??"]

1. d4 d5 2. c4 c6 3. Nf3 Nf6 4. Nc3 e6 5. Bg5 dxc4 6. e4 b5 7. e5 h6 8. Bh4 g5
9. Nxg5 hxg5 10. Bxg5 Nbd7 11. g3 Bb7 12. Bg2 Qb6 13. exf6 c5 14. d5 O-O-O 15.
O-O b4 16. Na4 Qb5 17. a3 exd5 18. axb4 cxb4 19. Be3 Ne5 20. Qd4 Nc6 21. Qg4+
Rd7 22. Rfd1 Ne5 23. Qf5 Bd6 24. Bd4 Nc6 25. Bc5 d4 26. Be4 Be5 27. Bxd4 Rhd8
28. Be3 Kc7 29. Rxd7+ Rxd7 30. Nc5 1-0

[Event "Vesterhavsturneringen GM 1982"]
[Site "Esbjerg"]
[Date "1982.??.??"]
[Round "4"]
[White "Shamkovich, Leonid"]
[Black "Ftacnik, Lubomir"]
[Result "1/2-1/2"]
[WhiteElo "2490"]
[BlackElo "2535"]
[PlyCount "106"]
[EventDate "1982.??.??"]

1. e4 c5 2. Nf3 d6 3. d4 Nf6 4. Nc3 cxd4 5. Nxd4 a6 6. a4 e6 7. Be2 Be7 8. O-O
O-O 9. Be3 Qc7 10. f4 Nbd7 11. a5 b5 12. axb6 Nxb6 13. Kh1 Bb7 14. Bf3 Nc4 15.
Bc1 Rfd8 16. Qe2 Rac8 17. Rd1 g6 18. Qf2 d5 19. exd5 exd5 20. b3 Nd6 21. Bb2
Nde4 22. Nxe4 dxe4 23. Be2 Nd5 24. Nf5 Bb4 25. Qd4 f6 26. Bc4 gxf5 27. Qxf6 Qe7
28. Qxf5 Rxc4 29. bxc4 Ne3 30. Rxd8+ Qxd8 31. Qe5 Qe7 32. Qh8+ Kf7 33. Qxh7+
Ke8 34. Qg6+ Kf8 35. Qh6+ Ke8 36. Qh8+ Qf8 37. Qe5+ Qe7 38. Qh8+ Qf8 39. Qh3
Qxf4 40. Qe6+ Be7 41. Qg6+ Kd7 42. Qg7 Qg5 43. Qxg5 Bxg5 44. Bc1 Nxc2 45. Rb1
Bxc1 46. Rxc1 Nb4 47. Kg1 a5 48. Ra1 e3 49. Rxa5 Nc2 50. Ra7 Kc8 51. Rxb7 Kxb7
52. Kf1 Nd4 53. h4 Nf5 1/2-1/2

[Event "Vesterhavsturneringen GM 1982"]
[Site "Esbjerg"]
[Date "1982.??.??"]
[Round "5"]
[White "Ftacnik, Lubomir"]
[Black "Ost Hansen, Jacob"]
[Result "1-0"]
[WhiteElo "2535"]
[BlackElo "2410"]
[PlyCount "129"]
[EventDate "1982.??.??"]

1. Nf3 Nf6 2. c4 g6 3. d4 Bg7 4. Nc3 d6 5. e4 O-O 6. Be2 e5 7. O-O Nc6 8. d5
Ne7 9. Ne1 Nd7 10. Nd3 f5 11. Bd2 Nf6 12. f3 Kh8 13. Rc1 c5 14. g4 a6 15. Nf2
Bd7 16. a3 Neg8 17. b4 b6 18. bxc5 bxc5 19. Rb1 Ne8 20. Qc1 Ra7 21. Kg2 Bf6 22.
exf5 gxf5 23. g5 Bg7 24. f4 Ne7 25. Bh5 e4 26. Ne2 Kg8 27. h4 Ng6 28. Rh1 Qe7
29. Bxg6 hxg6 30. h5 gxh5 31. Rxh5 Nc7 32. Rh3 Be8 33. Bc3 Bg6 34. Nd1 Ne8 35.
Qb2 Rf7 36. Ne3 Rb7 37. Rbh1 Rf8 38. Qc2 Bxc3 39. Nxc3 Ng7 40. Rh8+ Kf7 41.
Rxf8+ Qxf8 42. Rb1 Qb8 43. Rxb7+ Qxb7 44. Ne2 Nh5 45. Kf2 Kg8 46. Ng2 Kh7 47.
Nh4 Qb8 48. Kg2 Qb7 49. Qc3 Qg7 50. Qc1 Qb7 51. Qc2 Qb6 52. Qc3 Qb8 53. Qc2 Qb7
54. Kf2 Qb6 55. Qa4 Ng7 56. Qd7 Qb8 57. Qe7 Qb2 58. Nxg6 Kxg6 59. Qxd6+ Kh5 60.
Qxc5 Qb3 61. Qe3 Qxc4 62. Qh3+ Kg6 63. Qh6+ Kf7 64. g6+ Kf6 65. Qg5# 1-0

[Event "Vesterhavsturneringen GM 1982"]
[Site "Esbjerg"]
[Date "1982.??.??"]
[Round "5"]
[White "Helmers, Knut"]
[Black "Nikolic, Predrag"]
[Result "1-0"]
[WhiteElo "2425"]
[BlackElo "2530"]
[PlyCount "75"]
[EventDate "1982.??.??"]

1. Nf3 d5 2. d4 Nf6 3. c4 dxc4 4. e3 a6 5. Bxc4 e6 6. O-O b5 7. Bd3 Bb7 8. a4
b4 9. Qc2 Nbd7 10. e4 Be7 11. Nbd2 c5 12. e5 Nd5 13. Nc4 h6 14. Bd2 N5b6 15.
Na5 Bd5 16. Be4 Rc8 17. Rfc1 Bxe4 18. Qxe4 Nd5 19. Nb7 Qb6 20. Nxc5 Nxc5 21.
Qg4 g6 22. a5 Qa7 23. dxc5 Bxc5 24. Bxb4 Bxf2+ 25. Kh1 Bc5 26. Bxc5 Rxc5 27.
Qa4+ Ke7 28. Qa3 Rhc8 29. Nd2 Ke8 30. Rf1 Rc2 31. Ne4 R8c7 32. Nd6+ Kd8 33.
Rad1 Rf2 34. Qa4 Rxf1+ 35. Rxf1 Re7 36. Rxf7 Qd7 37. Rf8+ Kc7 38. Qc4+ 1-0

[Event "Vesterhavsturneringen GM 1982"]
[Site "Esbjerg"]
[Date "1982.??.??"]
[Round "5"]
[White "Hoi, Carsten"]
[Black "Hansen, Curt"]
[Result "0-1"]
[WhiteElo "2390"]
[BlackElo "2380"]
[PlyCount "54"]
[EventDate "1982.??.??"]

1. d4 Nf6 2. Nf3 e6 3. Bg5 h6 4. Bxf6 Qxf6 5. e4 d5 6. Nbd2 dxe4 7. Nxe4 Qd8 8.
Bd3 Be7 9. c3 Nd7 10. Qc2 c6 11. O-O-O Qc7 12. Kb1 b6 13. Rhe1 Bb7 14. Qe2
O-O-O 15. Ba6 Bxa6 16. Qxa6+ Kb8 17. c4 Bb4 18. Re3 f5 19. Ned2 e5 20. Nb3 e4
21. Nh4 Rhf8 22. Qa4 a5 23. Nc1 g5 24. a3 Bd6 25. c5 Bxc5 26. Ng6 Rf6 27. Nb3
b5 0-1

[Event "Vesterhavsturneringen GM 1982"]
[Site "Esbjerg"]
[Date "1982.??.??"]
[Round "5"]
[White "Jansa, Vlastimil"]
[Black "Fries Nielsen, Jens Ove"]
[Result "1-0"]
[WhiteElo "2455"]
[BlackElo "2390"]
[PlyCount "39"]
[EventDate "1982.??.??"]

1. e4 e5 2. Nf3 d6 3. d4 exd4 4. Qxd4 Bd7 5. Bf4 Nc6 6. Qd2 Nge7 7. Nc3 Ng6 8.
Bg3 Be7 9. O-O-O O-O 10. h4 Be6 11. Ng5 Bf6 12. f4 h6 13. Nxe6 fxe6 14. Bc4 Kh8
15. Bxe6 Nd4 16. Bg4 c5 17. Nd5 Qe8 18. c3 Nc6 19. Rde1 Bd8 20. Bh5 1-0

[Event "Vesterhavsturneringen GM 1982"]
[Site "Esbjerg"]
[Date "1982.??.??"]
[Round "5"]
[White "Mortensen, Erling"]
[Black "Sahl, Bjarke"]
[Result "0-1"]
[WhiteElo "2440"]
[BlackElo "2355"]
[PlyCount "102"]
[EventDate "1982.??.??"]

1. e4 c5 2. Nf3 g6 3. d4 cxd4 4. Nxd4 Bg7 5. Nc3 Nc6 6. Nb3 Nf6 7. Be2 O-O 8.
O-O d6 9. Kh1 a5 10. a4 Nb4 11. Bg5 Nd7 12. f4 b6 13. Bf3 Ba6 14. Rf2 Rc8 15.
Rd2 Qe8 16. Nd4 Nc5 17. Nd5 Nxd5 18. exd5 e5 19. dxe6 fxe6 20. c3 d5 21. Bg4 h6
22. Bh4 Rxf4 23. Rf2 Rxf2 24. Bxf2 h5 25. Bh3 Qf7 26. Bg1 Re8 27. Nb5 Rf8 28.
Qc2 g5 29. g3 Ne4 30. Bxb6 d4 31. Bg2 Nf2+ 32. Kg1 Ng4 33. Qe2 Ne3 34. Be4 e5
35. Bc5 Rd8 36. Re1 g4 37. Qd3 Qf6 38. Qb1 Kh8 39. Rxe3 dxe3 40. Bxe3 Rf8 41.
Qc1 Bc8 42. b4 h4 43. Bc5 Bh6 44. Qe1 Rd8 45. Qf1 Qg5 46. Nc7 Rd2 47. bxa5 Qd8
48. a6 Rd1 49. a7 Rxf1+ 50. Kxf1 Qd1+ 51. Kf2 Bd2 0-1